Sports Quiz

Random Sports or NBA Quiz

NBA Best and Worst +/- by Franchise Quiz Stats

Quiz not verified by Sporcle

Challenge
Share
Tweet
Embed
Score 0/300 Timer 20:00
1 Play Today
Team Players % Correct
Cleveland Cavaliers (Best +/-)LeBron James
91.5%
Miami Heat (Best +/-)LeBron James
91.5%
Boston Celtics (Best +/-)Kevin Garnett
88.1%
Minnesota Timberwolves (Best +/-)Kevin Garnett
88.1%
Boston Celtics (Best +/-)Paul Pierce
87%
Washington Wizards (Best +/-)Paul Pierce
87%
Boston Celtics (Best +/-)Ray Allen
85.4%
Memphis Grizzlies (Best +/-)Tony Allen
85.4%
Milwaukee Bucks (Best +/-)Ray Allen
85.4%
Miami Heat (Worst +/-)Malik Allen
85.3%
Golden State Warriors (Best +/-)Stephen Curry
85.2%
Chicago Bulls (Worst +/-)Eddy Curry
85.1%
New York Knicks (Worst +/-)Eddy Curry
85.1%
Indiana Pacers (Best +/-)David West
84.5%
Boston Celtics (Worst +/-)Delonte West
84.4%
Cleveland Cavaliers (Best +/-)Delonte West
84.4%
Oklahoma City Thunder (Best +/-)Kevin Durant
84.3%
Orlando Magic (Best +/-)Dwight Howard
84%
Dallas Mavericks (Best +/-)Josh Howard
83.7%
Denver Nuggets (Worst +/-)Juwan Howard
83.7%
Los Angeles Clippers (Best +/-)DeAndre Jordan
83.5%
Los Angeles Lakers (Best +/-)Kobe Bryant
83.4%
Dallas Mavericks (Best +/-)Dirk Nowitzki
83.3%
Miami Heat (Best +/-)Dwyane Wade
83.3%
Denver Nuggets (Best +/-)Carmelo Anthony
82.8%
New York Knicks (Best +/-)Carmelo Anthony
82.8%
Oklahoma City Thunder (Best +/-)Russell Westbrook
82.6%
Golden State Warriors (Best +/-)Klay Thompson
82.4%
Philadelphia 76ers (Worst +/-)Hollis Thompson
82.4%
Sacramento Kings (Worst +/-)Jason Thompson
82.3%
Golden State Warriors (Best +/-)Draymond Green
82.2%
Boston Celtics (Worst +/-)Jeff Green
81.9%
Los Angeles Lakers (Worst +/-)Wesley Johnson
81.9%
Oklahoma City Thunder (Worst +/-)Jeff Green
81.9%
Toronto Raptors (Best +/-)Amir Johnson
81.9%
Los Angeles Clippers (Best +/-)Chris Paul
81.6%
New Orleans Pelicans (Best +/-)Chris Paul
81.6%
Boston Celtics (Best +/-)Rajon Rondo
81.4%
Utah Jazz (Best +/-)Deron Williams
81.1%
Los Angeles Lakers (Best +/-)Shaquille O'Neal
81%
Milwaukee Bucks (Best +/-)Scott Williams
80.9%
Milwaukee Bucks (Worst +/-)Mo Williams
80.9%
Los Angeles Lakers (Best +/-)Pau Gasol
80.8%
Memphis Grizzlies (Best +/-)Marc Gasol
80.8%
San Antonio Spurs (Best +/-)Tony Parker
80.6%
San Antonio Spurs (Best +/-)Tim Duncan
80.4%
Toronto Raptors (Best +/-)Anthony Parker
80.4%
Dallas Mavericks (Best +/-)Steve Nash
80.2%
Phoenix Suns (Best +/-)Steve Nash
80.2%
Brookyn Nets (Best +/-)Jason Kidd
80%
Houston Rockets (Best +/-)James Harden
79.6%
Philadelphia 76ers (Best +/-)Allen Iverson
79.5%
Charlotte Hornets (Best +/-)Baron Davis
79%
Los Angeles Clippers (Worst +/-)Baron Davis
79%
New Orleans Pelicans (Best +/-)Baron Davis
79%
Cleveland Cavaliers (Worst +/-)Ricky Davis
78.9%
Miami Heat (Worst +/-)Ricky Davis
78.9%
Toronto Raptors (Worst +/-)Ed Davis
78.9%
Miami Heat (Best +/-)Chris Bosh
78.4%
Los Angeles Clippers (Best +/-)Blake Griffin
78.3%
Atlanta Hawks (Best +/-)Al Horford
78%
Detroit Pistons (Best +/-)Rasheed Wallace
77.7%
Detroit Pistons (Best +/-)Ben Wallace
77.7%
Portland Trail Blazers (Best +/-)Rasheed Wallace
77.7%
San Antonio Spurs (Best +/-)Manu Ginobili
77.6%
Denver Nuggets (Best +/-)J.R. Smith
77.3%
New Orleans Pelicans (Worst +/-)J.R. Smith
77.3%
New York Knicks (Best +/-)J.R. Smith
77.3%
Minnesota Timberwolves (Best +/-)Joe Smith
77.2%
Atlanta Hawks (Best +/-)Paul Millsap
77.1%
Utah Jazz (Best +/-)Paul Millsap
77.1%
Detroit Pistons (Best +/-)Chauncey Billups
76.1%
Cleveland Cavaliers (Best +/-)Kevin Love
75.5%
Brookyn Nets (Worst +/-)Brook Lopez
75.4%
Phoenix Suns (Best +/-)Amar'e Stoudemire
73.8%
Indiana Pacers (Best +/-)Paul George
73.2%
Houston Rockets (Best +/-)Tracy McGrady
72.5%
Atlanta Hawks (Best +/-)Jeff Teague
71%
Houston Rockets (Best +/-)Yao Ming
70.8%
Detroit Pistons (Best +/-)Richard Hamilton
70.7%
Chicago Bulls (Best +/-)Jimmy Butler
69.7%
Atlanta Hawks (Best +/-)Kyle Korver
69.6%
Chicago Bulls (Best +/-)Kyle Korver
69.6%
Toronto Raptors (Best +/-)Kyle Lowry
69.4%
Memphis Grizzlies (Best +/-)Zach Randolph
67.7%
Portland Trail Blazers (Worst +/-)Zach Randolph
67.7%
Memphis Grizzlies (Best +/-)Mike Conley
67.5%
Chicago Bulls (Best +/-)Joakim Noah
67.2%
Golden State Warriors (Best +/-)Andre Iguodala
66.9%
Dallas Mavericks (Worst +/-)Shawn Marion
66.8%
Phoenix Suns (Best +/-)Shawn Marion
66.8%
Boston Celtics (Best +/-)Kendrick Perkins
66.5%
Indiana Pacers (Best +/-)Reggie Miller
66.4%
Denver Nuggets (Best +/-)Andre Miller
66.3%
Portland Trail Blazers (Best +/-)LaMarcus Aldridge
66.2%
New Orleans Pelicans (Worst +/-)Jarrett Jack
66%
Portland Trail Blazers (Worst +/-)Jarrett Jack
66%
Boston Celtics (Worst +/-)Al Jefferson
65.9%
Minnesota Timberwolves (Worst +/-)Al Jefferson
65.9%
Brookyn Nets (Best +/-)Richard Jefferson
65.8%
Team Players % Correct
Utah Jazz (Worst +/-)Richard Jefferson
65.8%
Sacramento Kings (Best +/-)Chris Webber
64.8%
Oklahoma City Thunder (Best +/-)Serge Ibaka
64.7%
San Antonio Spurs (Best +/-)Kawhi Leonard
64.6%
Milwaukee Bucks (Best +/-)Tim Thomas
64.1%
Washington Wizards (Best +/-)Bradley Beal
63.4%
Indiana Pacers (Best +/-)George Hill
61.6%
New Orleans Pelicans (Best +/-)Tyson Chandler
61.6%
New York Knicks (Best +/-)Tyson Chandler
61.6%
Houston Rockets (Worst +/-)Jordan Hill
61.5%
Los Angeles Lakers (Worst +/-)Jordan Hill
61.5%
Detroit Pistons (Best +/-)Tayshaun Prince
61.2%
Los Angeles Clippers (Worst +/-)Eric Gordon
60.6%
Los Angeles Lakers (Best +/-)Derek Fisher
59.5%
Utah Jazz (Best +/-)Carlos Boozer
59.2%
Atlanta Hawks (Worst +/-)Jason Terry
58.6%
Dallas Mavericks (Best +/-)Jason Terry
58.6%
Golden State Warriors (Best +/-)Andrew Bogut
58.2%
New Orleans Pelicans (Best +/-)Peja Stojakovic
57.1%
Sacramento Kings (Best +/-)Peja Stojakovic
57.1%
Chicago Bulls (Worst +/-)Jamal Crawford
56.7%
New York Knicks (Worst +/-)Jamal Crawford
56.7%
Washington Wizards (Worst +/-)Jordan Crawford
56.7%
Atlanta Hawks (Best +/-)Mike Bibby
56.4%
Los Angeles Clippers (Best +/-)J.J. Redick
56.4%
Orlando Magic (Best +/-)Jameer Nelson
56.4%
Sacramento Kings (Best +/-)Mike Bibby
56.4%
Brookyn Nets (Best +/-)Kenyon Martin
54.6%
Orlando Magic (Best +/-)Rashard Lewis
54.6%
Cleveland Cavaliers (Best +/-)Zydrunas Ilgauskas
54.3%
Memphis Grizzlies (Worst +/-)Rudy Gay
54.1%
New York Knicks (Worst +/-)David Lee
52.3%
Indiana Pacers (Worst +/-)Dahntay Jones
52.3%
Miami Heat (Best +/-)Eddie Jones
52.3%
Los Angeles Lakers (Best +/-)Lamar Odom
51.8%
Portland Trail Blazers (Best +/-)Brandon Roy
51.3%
Philadelphia 76ers (Best +/-)Dikembe Mutombo
51.1%
Chicago Bulls (Best +/-)Luol Deng
50.2%
Washington Wizards (Best +/-)Marcin Gortat
50.2%
Golden State Warriors (Worst +/-)Antawn Jamison
49.9%
Dallas Mavericks (Worst +/-)Alan Anderson
49.2%
Orlando Magic (Best +/-)Ryan Anderson
49.2%
Indiana Pacers (Best +/-)Metta World Peace
48.7%
Los Angeles Clippers (Best +/-)Matt Barnes
47%
Charlotte Hornets (Worst +/-)Emeka Okafor
46.9%
Philadelphia 76ers (Worst +/-)Jahlil Okafor
46.9%
New York Knicks (Worst +/-)Quentin Richardson
46.8%
Orlando Magic (Best +/-)Hedo Turkoglu
46.6%
Miami Heat (Best +/-)Mario Chalmers
45.8%
New York Knicks (Worst +/-)Stephon Marbury
45.7%
Minnesota Timberwolves (Best +/-)Sam Cassell
45.6%
Los Angeles Lakers (Worst +/-)Roy Hibbert
45.3%
Utah Jazz (Best +/-)Andrei Kirilenko
45%
Oklahoma City Thunder (Best +/-)Nick Collison
43.3%
Sacramento Kings (Best +/-)Vlade Divac
43.2%
Denver Nuggets (Best +/-)Nene Hilario
42.7%
Washington Wizards (Best +/-)Nene Hilario
42.7%
Charlotte Hornets (Best +/-)Nicolas Batum
42.2%
Portland Trail Blazers (Best +/-)Nicolas Batum
42.2%
San Antonio Spurs (Best +/-)Bruce Bowen
41.8%
Brookyn Nets (Worst +/-)Devin Harris
41.7%
Orlando Magic (Worst +/-)Tobias Harris
41.7%
Detroit Pistons (Worst +/-)Will Bynum
41.6%
Washington Wizards (Worst +/-)Nick Young
41.1%
Minnesota Timberwolves (Best +/-)Latrell Sprewell
41%
Dallas Mavericks (Best +/-)Michael Finley
40.9%
Charlotte Hornets (Best +/-)P.J. Brown
40.8%
New Orleans Pelicans (Worst +/-)P.J. Brown
40.8%
Chicago Bulls (Best +/-)Taj Gibson
39.3%
Oklahoma City Thunder (Worst +/-)Damien Wilkins
39.1%
Utah Jazz (Best +/-)John Stockton
38.1%
Sacramento Kings (Worst +/-)Tyreke Evans
36.7%
Detroit Pistons (Worst +/-)Greg Monroe
35.6%
Cleveland Cavaliers (Best +/-)Anderson Varejao
35.1%
Houston Rockets (Worst +/-)Terence Morris
35%
Phoenix Suns (Worst +/-)Devin Booker
34.3%
Milwaukee Bucks (Worst +/-)Brandon Knight
34.2%
Philadelphia 76ers (Best +/-)Eric Snow
34.2%
Phoenix Suns (Worst +/-)Brandon Knight
34.2%
Houston Rockets (Best +/-)Shane Battier
33.9%
Memphis Grizzlies (Best +/-)Shane Battier
33.9%
Orlando Magic (Worst +/-)Nikola Vucevic
32.7%
Memphis Grizzlies (Worst +/-)Shareef Abdur-Rahim
32.3%
Phoenix Suns (Best +/-)Raja Bell
32.1%
Utah Jazz (Worst +/-)Raja Bell
32.1%
Milwaukee Bucks (Worst +/-)Charlie Bell
32%
Sacramento Kings (Best +/-)Doug Christie
31.8%
Orlando Magic (Worst +/-)Victor Oladipo
30%
Philadelphia 76ers (Worst +/-)Nerlens Noel
29.7%
Milwaukee Bucks (Worst +/-)O.J. Mayo
29.6%
Oklahoma City Thunder (Best +/-)Thabo Sefolosha
29.3%
Minnesota Timberwolves (Best +/-)Wally Sczcerbiak
28.6%
Los Angeles Clippers (Worst +/-)Corey Maggette
28.5%
Portland Trail Blazers (Best +/-)Wesley Matthews
28.1%
Denver Nuggets (Best +/-)Ty Lawson
27.8%
Houston Rockets (Worst +/-)Ty Lawson
27.8%
Toronto Raptors (Worst +/-)Andrea Bargnani
27.7%
Washington Wizards (Worst +/-)JaVale McGee
25.7%
Dallas Mavericks (Worst +/-)Chris Kaman
25.5%
Los Angeles Clippers (Worst +/-)Chris Kaman
25.5%
Team Players % Correct
Toronto Raptors (Worst +/-)Jose Calderon
25.4%
Utah Jazz (Worst +/-)Enes Kanter
24.8%
Charlotte Hornets (Best +/-)Jamal Mashburn
24.4%
New Orleans Pelicans (Best +/-)Jamal Mashburn
24.4%
Philadelphia 76ers (Worst +/-)Michael Carter-Williams
23.6%
Detroit Pistons (Worst +/-)Rodney Stuckey
23.4%
Cleveland Cavaliers (Worst +/-)Darius Miles
23.1%
Los Angeles Lakers (Worst +/-)Jordan Clarkson
23.1%
Phoenix Suns (Worst +/-)Alex Len
23%
Atlanta Hawks (Worst +/-)Al Harrington
22.7%
Charlotte Hornets (Best +/-)Cody Zeller
22.1%
Philadelphia 76ers (Best +/-)Aaron McKie
20.3%
Toronto Raptors (Best +/-)Patrick Patterson
19.9%
Toronto Raptors (Best +/-)Terrence Ross
19.9%
Brookyn Nets (Best +/-)Jason Collins
19.5%
Brookyn Nets (Best +/-)Kerry Kittles
19.2%
Los Angeles Lakers (Worst +/-)Julius Randle
19.1%
Toronto Raptors (Worst +/-)Morris Peterson
18.6%
Golden State Warriors (Worst +/-)Erick Dampier
18.6%
Milwaukee Bucks (Best +/-)Mike Dunleavy
18.4%
Minnesota Timberwolves (Worst +/-)Corey Brewer
17.8%
Washington Wizards (Best +/-)Brendan Haywood
17.7%
Charlotte Hornets (Worst +/-)Gerald Henderson
17.4%
Golden State Warriors (Worst +/-)Troy Murphy
16.6%
Indiana Pacers (Worst +/-)Troy Murphy
16.6%
Phoenix Suns (Best +/-)Channing Frye
15%
New Orleans Pelicans (Worst +/-)Desmond Mason
15%
Phoenix Suns (Worst +/-)P.J. Tucker
14.9%
Houston Rockets (Best +/-)Rafer Alston
14.8%
Utah Jazz (Worst +/-)DeShawn Stevenson
14.3%
Oklahoma City Thunder (Worst +/-)Luke Ridnour
14.2%
Charlotte Hornets (Worst +/-)Bismack Biyombo
13.5%
Miami Heat (Worst +/-)Dorell Wright
13.5%
Orlando Magic (Worst +/-)Arron Afflalo
13.3%
Memphis Grizzlies (Worst +/-)Stromile Swift
13%
San Antonio Spurs (Worst +/-)Kevin Willis
12.5%
Brookyn Nets (Worst +/-)Kris Humphries
12.4%
Minnesota Timberwolves (Worst +/-)Zach LaVine
12.2%
Cleveland Cavaliers (Worst +/-)Ramon Sessions
11.8%
Washington Wizards (Worst +/-)Andray Blatche
11.4%
Indiana Pacers (Worst +/-)T.J. Ford
11.1%
Denver Nuggets (Worst +/-)James Posey
10.5%
Boston Celtics (Worst +/-)Brandon Bass
10.3%
Utah Jazz (Worst +/-)Alec Burks
10.3%
Dallas Mavericks (Worst +/-)Charlie Villanueva
9.9%
Detroit Pistons (Worst +/-)Charlie Villanueva
9.9%
Sacramento Kings (Worst +/-)Spencer Hawes
9.8%
Minnesota Timberwolves (Worst +/-)Jonny Flynn
9.6%
Atlanta Hawks (Worst +/-)Nazr Mohammed
9.1%
Oklahoma City Thunder (Worst +/-)Earl Watson
8.9%
Golden State Warriors (Worst +/-)Adonal Foyle
8.8%
Charlotte Hornets (Worst +/-)Primoz Brezec
8.6%
New Orleans Pelicans (Worst +/-)Al-Farouq Aminu
8.6%
Los Angeles Clippers (Worst +/-)Al Thornton
8%
Sacramento Kings (Worst +/-)John Salmons
7.7%
Milwaukee Bucks (Best +/-)Toni Kukoc
7.7%
Brookyn Nets (Worst +/-)Bojan Bogdanovic
7.2%
Atlanta Hawks (Worst +/-)Tyronn Lue
6.8%
Milwaukee Bucks (Worst +/-)John Henson
6.7%
Portland Trail Blazers (Worst +/-)Sebastian Telfair
6.7%
Brookyn Nets (Worst +/-)Trenton Hassell
6.6%
Chicago Bulls (Worst +/-)Trenton Hassell
6.6%
Cleveland Cavaliers (Worst +/-)J.J. Hickson
6.6%
Denver Nuggets (Worst +/-)J.J. Hickson
6.6%
Philadelphia 76ers (Best +/-)Derrick Coleman
6.6%
Cleveland Cavaliers (Worst +/-)Alonzo Gee
6.5%
New York Knicks (Best +/-)Landry Fields
6.3%
Chicago Bulls (Worst +/-)Marcus Fizer
6%
Detroit Pistons (Worst +/-)Jason Maxiell
5.9%
Atlanta Hawks (Worst +/-)Josh Childress
5.9%
Orlando Magic (Worst +/-)Maurice Harkless
5.9%
Chicago Bulls (Worst +/-)Ron Mercer
5.7%
Portland Trail Blazers (Worst +/-)Travis Outlaw
5.2%
Indiana Pacers (Worst +/-)Tyler Hansbrough
5.1%
Philadelphia 76ers (Worst +/-)Tony Wroten
4.9%
Boston Celtics (Worst +/-)Ryan Gomes
4.7%
Minnesota Timberwolves (Worst +/-)Ryan Gomes
4.7%
Sacramento Kings (Worst +/-)Francisco Garcia
4.7%
Dallas Mavericks (Worst +/-)Dwight Powell
4.6%
Indiana Pacers (Worst +/-)Brandon Rush
4.2%
Miami Heat (Worst +/-)Mark Blount
4.2%
Golden State Warriors (Worst +/-)Bob Sura
3.9%
New York Knicks (Best +/-)Steve Novak
3.9%
Oklahoma City Thunder (Worst +/-)Johan Petro
3.9%
Memphis Grizzlies (Worst +/-)Grant Long
3.8%
Miami Heat (Worst +/-)Daequan Cook
2.8%
Memphis Grizzlies (Worst +/-)Hakim Warrick
2.5%
Charlotte Hornets (Worst +/-)Byron Mullens
2.3%
San Antonio Spurs (Worst +/-)Ira Newble
1.4%
Phoenix Suns (Worst +/-)Archie Goodwin
0.9%
San Antonio Spurs (Worst +/-)Cherokee Parks
0.9%
San Antonio Spurs (Worst +/-)Sean Marks
0.9%
Toronto Raptors (Worst +/-)Sonny Weems
0.9%
Houston Rockets (Worst +/-)Jason Collier
0.8%
Denver Nuggets (Worst +/-)George McCloud
0.6%
Denver Nuggets (Worst +/-)Donnell Harvey
0.5%
Washington Wizards (Worst +/-)Dominic McGuire
0.5%
Portland Trail Blazers (Worst +/-)Viktor Khryapa
0.4%
San Antonio Spurs (Worst +/-)Mike Wilks
0.4%
Houston Rockets (Worst +/-)Dan Langhi
0.3%

You're not logged in!

Compare scores with friends on all Sporcle quizzes.
Join for Free
OR
Log In

You Might Also Like...

Show Comments

Extras

Top Quizzes Today


Score Distribution

Your Account Isn't Verified!

In order to create a playlist on Sporcle, you need to verify the email address you used during registration. Go to your Sporcle Settings to finish the process.

Report this User

Report this user for behavior that violates our Community Guidelines.

Details: